000 00707nam a2200289Ia 4500
008 210210b2014 xxu||||| |||| 00| 0 eng d
020 _a9781107439573
041 _aeng
082 _a420.02 HEWC
100 _aHEWINGS (Martin)
245 _aCambridge academic English
_bIntegrated skills course for EAP: Upper Intermediate
260 _aUK
_bCambridge University Press
_c2014
300 _a176
650 _aUpper
650 _askills
650 _aIntermediate
650 _aIntegrated
650 _afor
650 _aEnglish
650 _aEAP:
650 _aEAP
650 _acourse
650 _aCambridge
650 _aacademic
690 _aEnglish Language
906 _a068718
999 _c152899
_d152899